[Event "Tradewise Gibraltar Masters 16th"]
[Site "Gibraltar"]
[Date "2018.01.31"]
[Round "9.15"]
[White "Vocaturo, Daniele"]
[Black "Kaidanov, Gregory"]
[Result "1-0"]
[WhiteElo "2609"]
[BlackElo "2548"]
[PlyCount "115"]
[EventDate "2018.01.23"]
[EventType "swiss"]
[EventRounds "10"]
[EventCountry "GGB"]
[SourceTitle "BritBase"]
[Source "www.saund.co.uk"]
[SourceDate "2018.02.10"]
[SourceVersion "1"]
[SourceVersionDate "2018.02.10"]
[SourceQuality "1"]

1. e4 e5 2. Nf3 Nc6 3. Bc4 Bc5 4. c3 Nf6 5. d4 exd4 6. e5 d5 7. Bb5 Ne4 8. cxd4
Bb6 9. Nc3 O-O 10. Be3 Bg4 11. h3 Bh5 12. Qc2 Bg6 13. Qb3 Ne7 14. O-O c6 15.
Bd3 Nd2 16. Nxd2 Bxd3 17. Rfe1 Bg6 18. Nf3 Nf5 19. Na4 Re8 20. Rac1 Nxe3 21.
Rxe3 Be4 22. Qc3 Bxf3 23. Rxf3 Re6 24. Qb4 Rb8 25. Nxb6 axb6 26. a4 Ra8 27. Rb3
f6 28. f4 fxe5 29. fxe5 c5 30. dxc5 Rxe5 31. cxb6 Re4 32. Qc5 Rexa4 33. Qc7 Rc4
34. Rxc4 dxc4 35. Qxc4+ Kh8 36. Qb4 h6 37. Kh2 Qf6 38. Qc5 Rd8 39. Rg3 Qxb2 40.
Qc7 Rd1 41. Rg4 Kh7 42. Qe7 Rf1 43. Qe4+ Kh8 44. Qe8+ Kh7 45. Qg6+ Kh8 46. Re4
Rf8 47. Re7 Qf6 48. Qxf6 Rxf6 49. Rxb7 g5 50. Kg3 Kg8 51. Kg4 Kh8 52. h4 gxh4
53. Kxh4 Kg8 54. g4 Kf8 55. g5 hxg5+ 56. Kxg5 Rc6 57. Rb8+ Kg7 58. Kf5 1-0

[Event "Tradewise Gibraltar Masters 16th"]
[Site "Gibraltar"]
[Date "2018.01.31"]
[Round "9.16"]
[White "Epishin, Vladimir"]
[Black "Bindrich, Falko"]
[Result "1/2-1/2"]
[WhiteElo "2536"]
[BlackElo "2605"]
[PlyCount "60"]
[EventDate "2018.01.23"]
[EventType "swiss"]
[EventRounds "10"]
[EventCountry "GGB"]
[SourceTitle "BritBase"]
[Source "www.saund.co.uk"]
[SourceDate "2018.02.10"]
[SourceVersion "1"]
[SourceVersionDate "2018.02.10"]
[SourceQuality "1"]

1. d4 Nf6 2. Nf3 d5 3. c4 e6 4. Nc3 dxc4 5. e3 a6 6. Bxc4 b5 7. Be2 Bb7 8. O-O
Nbd7 9. b3 Bd6 10. Bb2 O-O 11. Rc1 Qe7 12. a4 b4 13. Nb1 Rfd8 14. Nbd2 c5 15.
Qc2 Rac8 16. Qb1 h6 17. Rfd1 Bb8 18. h3 Ba7 19. dxc5 Nxc5 20. Bd4 Bb8 21. Qb2
Ncd7 22. Rxc8 Rxc8 23. Rc1 Rxc1+ 24. Qxc1 Nd5 25. Qc2 Qd8 26. Bd3 Qc7 27. Nc4
N5f6 28. Nfe5 Nc5 29. Nb6 Nxd3 30. Qxc7 Bxc7 1/2-1/2

[Event "Tradewise Gibraltar Masters 16th"]
[Site "Gibraltar"]
[Date "2018.01.31"]
[Round "9.17"]
[White "Antipov, Mikhail Al"]
[Black "Mikhalevski, Victor"]
[Result "1-0"]
[WhiteElo "2588"]
[BlackElo "2538"]
[PlyCount "51"]
[EventDate "2018.01.23"]
[EventType "swiss"]
[EventRounds "10"]
[EventCountry "GGB"]
[SourceTitle "BritBase"]
[Source "www.saund.co.uk"]
[SourceDate "2018.02.10"]
[SourceVersion "1"]
[SourceVersionDate "2018.02.10"]
[SourceQuality "1"]

1. b3 g6 2. Bb2 Nf6 3. Bxf6 exf6 4. c4 d5 5. cxd5 Qxd5 6. Nc3 Qd7 7. e3 f5 8.
d4 Ba3 9. Qd2 O-O 10. h4 f4 11. h5 fxe3 12. fxe3 Qg4 13. Bc4 Be6 14. Nf3 Nc6
15. hxg6 hxg6 16. e4 Qg3+ 17. Kf1 Bxc4+ 18. bxc4 g5 19. Ne2 Qg4 20. d5 f5 21.
Rh3 Bd6 22. dxc6 fxe4 23. Qd5+ Rf7 24. Qd4 Kf8 25. cxb7 Rb8 26. c5 1-0

[Event "Tradewise Gibraltar Masters 16th"]
[Site "Gibraltar"]
[Date "2018.01.31"]
[Round "9.18"]
[White "Sandipan, Chanda"]
[Black "Nihal, Sarin"]
[Result "1/2-1/2"]
[WhiteElo "2579"]
[BlackElo "2524"]
[PlyCount "63"]
[EventDate "2018.01.23"]
[EventType "swiss"]
[EventRounds "10"]
[EventCountry "GGB"]
[SourceTitle "BritBase"]
[Source "www.saund.co.uk"]
[SourceDate "2018.02.10"]
[SourceVersion "1"]
[SourceVersionDate "2018.02.10"]
[SourceQuality "1"]

1. d4 Nf6 2. c4 e6 3. Nc3 Bb4 4. e3 O-O 5. Bd2 b6 6. Nf3 Bb7 7. Bd3 c5 8. a3
Bxc3 9. Bxc3 cxd4 10. exd4 d5 11. b3 Nbd7 12. O-O Rc8 13. Bb2 dxc4 14. bxc4 Qc7
15. Qe2 Nh5 16. Ng5 Nf4 17. Bxh7+ Kh8 18. Qe3 Nf6 19. Bd3 Nxd3 20. Qxd3 Qf4 21.
Qe3 Qxe3 22. fxe3 Rxc4 23. Rac1 Rxc1 24. Rxc1 Kg8 25. Rc7 Bd5 26. a4 Ne4 27.
Nxe4 Bxe4 28. Kf2 Rb8 29. g4 Rb7 30. Rc8+ Kh7 31. Kg3 Bd5 32. Rc3 1/2-1/2

[Event "Tradewise Gibraltar Masters 16th"]
[Site "Gibraltar"]
[Date "2018.01.31"]
[Round "9.19"]
[White "Batsiashvili, Nino"]
[Black "Tregubov, Pavel V"]
[Result "1/2-1/2"]
[WhiteElo "2504"]
[BlackElo "2575"]
[PlyCount "94"]
[EventDate "2018.01.23"]
[EventType "swiss"]
[EventRounds "10"]
[EventCountry "GGB"]
[SourceTitle "BritBase"]
[Source "www.saund.co.uk"]
[SourceDate "2018.02.10"]
[SourceVersion "1"]
[SourceVersionDate "2018.02.10"]
[SourceQuality "1"]

1. d4 Nf6 2. Nf3 e6 3. c4 Bb4+ 4. Bd2 Qe7 5. Nc3 Bxc3 6. Bxc3 Ne4 7. Qc2 Nxc3
8. Qxc3 O-O 9. e4 d6 10. Bd3 c5 11. dxc5 dxc5 12. e5 Bd7 13. h4 Nc6 14. Rd1
Rfd8 15. Bb1 Be8 16. O-O Rxd1 17. Rxd1 Rd8 18. Rxd8 Qxd8 19. Qc2 g6 20. Qd3 Nd4
21. Nxd4 cxd4 22. g3 Qa5 23. Qe2 h5 24. a3 b5 25. Bd3 bxc4 26. Bxc4 Bc6 27. f3
Bd5 28. Bxd5 Qxd5 29. Qe4 Qc5 30. Kg2 a5 31. f4 a4 32. Kf3 Qc4 33. Kf2 Kg7 34.
Kg2 Qc5 35. Kf3 Qb6 36. Qc2 Qb7+ 37. Kf2 Qh1 38. Qe2 Qc1 39. Kf3 Qh1+ 40. Kf2
Qh2+ 41. Kf3 Qg1 42. Qf2 Qh1+ 43. Ke2 Qd5 44. Kd2 f6 45. exf6+ Kxf6 46. Kd3
Qb3+ 47. Ke4 Qd5+ 1/2-1/2

[Event "Tradewise Gibraltar Masters 16th"]
[Site "Gibraltar"]
[Date "2018.01.31"]
[Round "9.20"]
[White "Henderson De La Fuente, Lance"]
[Black "Narayanan, SL."]
[Result "1/2-1/2"]
[WhiteElo "2429"]
[BlackElo "2573"]
[PlyCount "74"]
[EventDate "2018.01.23"]
[EventType "swiss"]
[EventRounds "10"]
[EventCountry "GGB"]
[SourceTitle "BritBase"]
[Source "www.saund.co.uk"]
[SourceDate "2018.02.10"]
[SourceVersion "1"]
[SourceVersionDate "2018.02.10"]
[SourceQuality "1"]

1. e4 e5 2. Nf3 Nc6 3. Bb5 a6 4. Ba4 Nf6 5. O-O Be7 6. d3 d6 7. c3 O-O 8. Nbd2
b5 9. Bc2 Re8 10. Re1 Bf8 11. a4 b4 12. a5 h6 13. Ba4 Bd7 14. Nc4 Rb8 15. Bd2
bxc3 16. bxc3 Ne7 17. d4 exd4 18. cxd4 d5 19. exd5 Bxa4 20. Qxa4 Qxd5 21. Rac1
Nf5 22. Rxe8 Rxe8 23. Ne3 Nxe3 24. Bxe3 Bd6 25. h3 Rb8 26. Ne5 Rb5 27. Nc4 Bb4
28. Qc2 Ne8 29. Qe2 Nf6 30. Bf4 Qd7 31. Be5 Nd5 32. Ne3 Bxa5 33. Nxd5 Rxd5 34.
Qxa6 f6 35. Qa8+ Qd8 36. Qxd8+ Rxd8 37. Bxc7 Bxc7 1/2-1/2

[Event "Tradewise Gibraltar Masters 16th"]
[Site "Gibraltar"]
[Date "2018.01.31"]
[Round "9.22"]
[White "Gunina, Valentina"]
[Black "Short, Nigel D"]
[Result "1-0"]
[WhiteElo "2502"]
[BlackElo "2681"]
[PlyCount "55"]
[EventDate "2018.01.23"]
[EventType "swiss"]
[EventRounds "10"]
[EventCountry "GGB"]
[SourceTitle "BritBase"]
[Source "www.saund.co.uk"]
[SourceDate "2018.02.10"]
[SourceVersion "1"]
[SourceVersionDate "2018.02.10"]
[SourceQuality "1"]

1. e4 Nf6 2. e5 Nd5 3. d4 d6 4. Nf3 g6 5. Be2 Bg7 6. c4 Nb6 7. exd6 cxd6 8. O-O
O-O 9. Bg5 Nc6 10. h3 Bf5 11. Nc3 h6 12. Be3 d5 13. c5 Nc4 14. Bc1 b6 15. b3
bxc5 16. bxc4 cxd4 17. Nxd5 e6 18. Ba3 exd5 19. Bxf8 Kxf8 20. cxd5 Qxd5 21. Bd3
Nb4 22. Bxf5 Qxf5 23. Rb1 Nd3 24. Rb7 Kg8 25. Qb1 Qd5 26. Rb5 Qc4 27. Rd1 Nf4
28. Rb8+ 1-0

[Event "Tradewise Gibraltar Masters 16th"]
[Site "Gibraltar"]
[Date "2018.01.31"]
[Round "9.23"]
[White "Antal, Gergely"]
[Black "Motylev, Alexander"]
[Result "0-1"]
[WhiteElo "2522"]
[BlackElo "2673"]
[PlyCount "64"]
[EventDate "2018.01.23"]
[EventType "swiss"]
[EventRounds "10"]
[EventCountry "GGB"]
[SourceTitle "BritBase"]
[Source "www.saund.co.uk"]
[SourceDate "2018.02.10"]
[SourceVersion "1"]
[SourceVersionDate "2018.02.10"]
[SourceQuality "1"]

1. e4 c5 2. Nf3 Nc6 3. Bb5 g6 4. O-O Bg7 5. Nc3 e5 6. d3 Nge7 7. a3 O-O 8. Bc4
d6 9. Bg5 h6 10. Bxe7 Nxe7 11. b4 Kh7 12. bxc5 dxc5 13. Rb1 f5 14. exf5 gxf5
15. Ne2 Nd5 16. Qe1 b6 17. Ng3 Nf4 18. Nxe5 Bb7 19. Nf3 h5 20. h4 Bxf3 21. Qe3
Bxg2 22. Qxf4 Bh6 23. Qe5 Bxf1 24. Kxf1 Qxh4 25. Be6 Bf4 26. Bxf5+ Kh6 27. Qe6+
Rf6 28. Qe4 Raf8 29. Kg2 Qg5 30. Bd7 h4 31. Rg1 Bxg3 32. fxg3 Qxg3+ 0-1

[Event "Tradewise Gibraltar Masters 16th"]
[Site "Gibraltar"]
[Date "2018.01.31"]
[Round "9.24"]
[White "Iturrizaga Bonelli, Eduardo"]
[Black "Debashis, Das"]
[Result "0-1"]
[WhiteElo "2650"]
[BlackElo "2501"]
[PlyCount "80"]
[EventDate "2018.01.23"]
[EventType "swiss"]
[EventRounds "10"]
[EventCountry "GGB"]
[SourceTitle "BritBase"]
[Source "www.saund.co.uk"]
[SourceDate "2018.02.10"]
[SourceVersion "1"]
[SourceVersionDate "2018.02.10"]
[SourceQuality "1"]

1. c4 Nf6 2. Nc3 e6 3. Nf3 Bb4 4. Qc2 O-O 5. a3 Bxc3 6. Qxc3 d6 7. g3 e5 8. Bg2
e4 9. Nd4 Bg4 10. h3 Bh5 11. b4 c5 12. Nf5 Nc6 13. g4 Bg6 14. Bxe4 Nd4 15. Bg2
Bxf5 16. gxf5 Re8 17. e3 Ne4 18. Qd3 Qh4 19. O-O Nxf5 20. Qd5 Re5 21. Qxb7 Rae8
22. d3 Ng5 23. Bb2 R5e7 24. Qd5 Nxh3+ 25. Bxh3 Qxh3 26. Qh1 Qg4+ 27. Qg2 Qh5
28. e4 Nd4 29. Bxd4 cxd4 30. f4 f5 31. Rae1 Re6 32. Kf2 Rg6 33. Qh1 Qg4 34. Qh2
fxe4 35. Rxe4 Rxe4 36. dxe4 Rf6 37. Ke1 Re6 38. e5 dxe5 39. fxe5 d3 40. c5 d2+
0-1

[Event "Tradewise Gibraltar Masters 16th"]
[Site "Gibraltar"]
[Date "2018.01.31"]
[Round "9.25"]
[White "Praggnanandhaa, R."]
[Black "Bosiocic, Marin"]
[Result "1/2-1/2"]
[WhiteElo "2515"]
[BlackElo "2628"]
[PlyCount "90"]
[EventDate "2018.01.23"]
[EventType "swiss"]
[EventRounds "10"]
[EventCountry "GGB"]
[SourceTitle "BritBase"]
[Source "www.saund.co.uk"]
[SourceDate "2018.02.10"]
[SourceVersion "1"]
[SourceVersionDate "2018.02.10"]
[SourceQuality "1"]

1. Nf3 d5 2. g3 c6 3. Bg2 Bg4 4. O-O e6 5. h3 Bxf3 6. Bxf3 f5 7. d3 Nf6 8. Bg2
Bd6 9. e4 O-O 10. Qe2 Qc7 11. exf5 exf5 12. Qe6+ Kh8 13. Qxf5 Na6 14. Qf3 Qb6
15. c3 Rae8 16. d4 c5 17. Qd1 Ne4 18. Na3 cxd4 19. cxd4 Nb4 20. Bxe4 Rxe4 21.
Be3 Bb8 22. Qb3 a5 23. Bd2 Qxd4 24. Bxb4 axb4 25. Nc2 Qe5 26. Rae1 Bd6 27. Rxe4
dxe4 28. Ne3 Bc5 29. Qd5 Qxd5 30. Nxd5 g5 31. Kg2 Ra8 32. Nf6 e3 33. Ne4 Bb6
34. fxe3 Bxe3 35. a3 bxa3 36. bxa3 Ra4 37. Rf8+ Kg7 38. Re8 Bc1 39. Nc5 Rc4 40.
Nxb7 Bxa3 41. Re6 Rd4 42. Na5 Kf7 43. Re3 Rd2+ 44. Kf3 Bc5 45. Re5 Be7 1/2-1/2

[Event "Tradewise Gibraltar Masters 16th"]
[Site "Gibraltar"]
[Date "2018.01.31"]
[Round "9.26"]
[White "Gagare, Shardul"]
[Black "Gledura, Benjamin"]
[Result "1/2-1/2"]
[WhiteElo "2494"]
[BlackElo "2612"]
[PlyCount "101"]
[EventDate "2018.01.23"]
[EventType "swiss"]
[EventRounds "10"]
[EventCountry "GGB"]
[SourceTitle "BritBase"]
[Source "www.saund.co.uk"]
[SourceDate "2018.02.10"]
[SourceVersion "1"]
[SourceVersionDate "2018.02.10"]
[SourceQuality "1"]

1. d4 Nf6 2. c4 g6 3. g3 Bg7 4. Bg2 O-O 5. Nc3 d6 6. Nf3 Nbd7 7. O-O e5 8. e4
c6 9. h3 Qb6 10. Re1 exd4 11. Nxd4 Re8 12. Re2 Qb4 13. Rc2 Nc5 14. Bd2 Qb6 15.
Be3 Qc7 16. f3 a5 17. b3 Nfd7 18. Bf2 Ne5 19. Rd2 Qe7 20. f4 Ned7 21. Rb1 Nf6
22. Re2 Nh5 23. Qd2 Qf6 24. e5 dxe5 25. fxe5 Rxe5 26. Rxe5 Qxe5 27. Re1 Qc7 28.
Re8+ Bf8 29. Ndb5 cxb5 30. Nxb5 Qd7 31. Qxd7 Nxd7 32. Nc7 Ng7 33. Rxf8+ Kxf8
34. Nxa8 Ne6 35. Be1 a4 36. Bb4+ Ke8 37. bxa4 Nec5 38. a5 f5 39. Bd5 Ne4 40.
Nc7+ Kd8 41. Ne6+ Ke8 42. c5 Ne5 43. Kg2 Bxe6 44. Bxe6 Kd8 45. Bd5 Kc7 46. a3
h5 47. h4 Kc8 48. Be6+ Kc7 49. Bd5 Kc8 50. Be6+ Kc7 51. Bd5 1/2-1/2

[Event "Tradewise Gibraltar Masters 16th"]
[Site "Gibraltar"]
[Date "2018.01.31"]
[Round "9.27"]
[White "Svane, Rasmus"]
[Black "Cuenca Jimenez, Jose Fernando"]
[Result "1-0"]
[WhiteElo "2595"]
[BlackElo "2489"]
[PlyCount "57"]
[EventDate "2018.01.23"]
[EventType "swiss"]
[EventRounds "10"]
[EventCountry "GGB"]
[SourceTitle "BritBase"]
[Source "www.saund.co.uk"]
[SourceDate "2018.02.10"]
[SourceVersion "1"]
[SourceVersionDate "2018.02.10"]
[SourceQuality "1"]

1. Nf3 Nf6 2. g3 d5 3. Bg2 e6 4. O-O Be7 5. c4 O-O 6. d4 dxc4 7. Qc2 a6 8. a4
Bd7 9. Rd1 Nc6 10. Qxc4 b5 11. axb5 axb5 12. Rxa8 bxc4 13. Rxd8 Rxd8 14. Nc3
Nd5 15. e4 Nb6 16. Be3 Na5 17. d5 exd5 18. Bf4 Bd6 19. e5 Bc5 20. Nxd5 Na4 21.
e6 Nxb2 22. exf7+ Kf8 23. Rb1 Bf5 24. Rxb2 Rxd5 25. Rb8+ Kxf7 26. Ng5+ Kg6 27.
Bxd5 c3 28. Rb5 Bb6 29. Be4 1-0

[Event "Tradewise Gibraltar Masters 16th"]
[Site "Gibraltar"]
[Date "2018.01.31"]
[Round "9.28"]
[White "Zanan, Evgeny"]
[Black "Gopal, Geetha Narayanan"]
[Result "1/2-1/2"]
[WhiteElo "2482"]
[BlackElo "2593"]
[PlyCount "151"]
[EventDate "2018.01.23"]
[EventType "swiss"]
[EventRounds "10"]
[EventCountry "GGB"]
[SourceTitle "BritBase"]
[Source "www.saund.co.uk"]
[SourceDate "2018.02.10"]
[SourceVersion "1"]
[SourceVersionDate "2018.02.10"]
[SourceQuality "1"]

1. d4 Nf6 2. c4 g6 3. g3 c6 4. Bg2 d5 5. Qa4 dxc4 6. Qxc4 Bg7 7. Nf3 O-O 8. O-O
Bf5 9. Rd1 Nbd7 10. Nh4 Nb6 11. Qb3 Bg4 12. Nc3 Nfd5 13. Nf3 Nxc3 14. bxc3 Qd5
15. Ba3 Rfe8 16. e4 Qxb3 17. axb3 a5 18. h3 Be6 19. Rdb1 a4 20. Bc5 Nd7 21.
bxa4 Nxc5 22. dxc5 Bc8 23. Nd4 Ra5 24. Nb3 Ra7 25. Rc1 Be6 26. Nd4 Bd7 27. a5
Rea8 28. Rab1 e5 29. Nb3 Be6 30. c4 Bf6 31. Ra1 Bd8 32. Ra4 Bxa5 33. Rca1 Bb6
34. Rxa7 Bxa7 35. Ra4 Kf8 36. Kh2 Ke8 37. f4 Kd7 38. fxe5 Kc7 39. Bf3 h5 40.
Nd4 Bd7 41. e6 Bxe6 42. e5 Bd7 43. Be4 Bxc5 44. Rxa8 Bxd4 45. h4 Bxe5 46. c5
Bd4 47. Ra5 Be6 48. Kg2 f5 49. Bf3 Be3 50. Kf1 Bc4+ 51. Be2 Bd5 52. Bd3 Bd4 53.
Ke2 Be5 54. Kf2 Bf7 55. Ra4 Bb3 56. Ra3 Be6 57. Ra4 Bb3 58. Ra3 Bd4+ 59. Ke2
Bf7 60. Ra5 Be6 61. Kf1 Bf7 62. Ke2 Kb8 63. Kf1 Be5 64. Kf2 f4 65. gxf4 Bxf4
66. Ra4 g5 67. Re4 Bd5 68. Rxf4 gxf4 69. Bg6 b6 70. cxb6 Kb7 71. Bxh5 Kxb6 72.
Bg6 Kc7 73. h5 Kd6 74. h6 Bg8 75. h7 Bxh7 76. Bxh7 1/2-1/2

[Event "Tradewise Gibraltar Masters 16th"]
[Site "Gibraltar"]
[Date "2018.01.31"]
[Round "9.29"]
[White "Buhmann, Rainer"]
[Black "Steinberg, Nitzan"]
[Result "1-0"]
[WhiteElo "2587"]
[BlackElo "2512"]
[PlyCount "122"]
[EventDate "2018.01.23"]
[EventType "swiss"]
[EventRounds "10"]
[EventCountry "GGB"]
[SourceTitle "BritBase"]
[Source "www.saund.co.uk"]
[SourceDate "2018.02.10"]
[SourceVersion "1"]
[SourceVersionDate "2018.02.10"]
[SourceQuality "1"]

1. Nf3 Nf6 2. c4 e6 3. g3 d5 4. Bg2 Nbd7 5. b3 a5 6. Nc3 c6 7. O-O Nb6 8. d3 a4
9. Be3 Nfd7 10. Nd2 Bb4 11. Qc2 O-O 12. d4 dxc4 13. Nxc4 Nd5 14. Bd2 Be7 15.
bxa4 N7b6 16. Nb2 Nb4 17. Qb3 e5 18. a3 Na6 19. a5 exd4 20. Qxb6 Qxb6 21. axb6
dxc3 22. Bxc3 Be6 23. Nd3 Rfd8 24. a4 f6 25. a5 Kf7 26. Rfc1 Bf5 27. e4 Rxd3
28. exf5 Bb4 29. Bxb4 Nxb4 30. Ra4 Rb3 31. Bf1 Ke7 32. Re1+ Kd6 33. Re6+ Kd7
34. Ra1 Nd5 35. Bc4 Rb4 36. Bxd5 cxd5 37. Rc1 Rc4 38. Rce1 Rxa5 39. Re7+ Kc6
40. R1e6+ Kc5 41. Rxb7 Rb4 42. Rc7+ Kd4 43. Rxg7 h5 44. Rh7 Rab5 45. Rxh5 Rb1+
46. Kg2 Rxb6 47. Rh4+ Kc5 48. Rh8 d4 49. Rc8+ Kd5 50. Rd8+ Kc4 51. Rxb6 Rxb6
52. h4 d3 53. g4 Rb1 54. g5 fxg5 55. hxg5 Rb5 56. f4 Rxf5 57. Kf3 Rf7 58. g6
Re7 59. f5 Kc3 60. Kf4 d2 61. f6 Re1 1-0

[Event "Tradewise Gibraltar Masters 16th"]
[Site "Gibraltar"]
[Date "2018.01.31"]
[Round "9.30"]
[White "Huschenbeth, Niclas"]
[Black "Xu, Yi"]
[Result "1/2-1/2"]
[WhiteElo "2587"]
[BlackElo "2482"]
[PlyCount "85"]
[EventDate "2018.01.23"]
[EventType "swiss"]
[EventRounds "10"]
[EventCountry "GGB"]
[SourceTitle "BritBase"]
[Source "www.saund.co.uk"]
[SourceDate "2018.02.10"]
[SourceVersion "1"]
[SourceVersionDate "2018.02.10"]
[SourceQuality "1"]

1. e4 e5 2. Nf3 Nc6 3. Bb5 a6 4. Ba4 Nf6 5. O-O Be7 6. d3 b5 7. Bb3 d6 8. a3
O-O 9. Nc3 Be6 10. Nd5 Nd4 11. Nxd4 exd4 12. Nxe7+ Qxe7 13. Bg5 Bxb3 14. cxb3
h6 15. Bh4 Qe6 16. f4 a5 17. f5 Qe5 18. b4 axb4 19. axb4 Rxa1 20. Qxa1 d5 21.
Bxf6 Qxf6 22. exd5 Rd8 23. Qc1 Rxd5 24. Qxc7 Re5 25. h3 Re2 26. Qb8+ Kh7 27.
Qxb5 Rxb2 28. Kh1 Rb3 29. Qc4 Rc3 30. Qb5 Rb3 31. Qc4 Rc3 32. Qd5 Rxd3 33. b5
Re3 34. Rb1 Re5 35. Qb3 Re3 36. Qd5 Re5 37. Qf3 Re3 38. Qf1 Qb6 39. Qc4 d3 40.
Qd5 Qa5 41. Qxf7 Re1+ 42. Kh2 Rxb1 43. Qg6+ 1/2-1/2

[Event "Tradewise Gibraltar Masters 16th"]
[Site "Gibraltar"]
[Date "2018.01.31"]
[Round "9.31"]
[White "Lou, Yiping"]
[Black "Ju, Wenjun"]
[Result "0-1"]
[WhiteElo "2462"]
[BlackElo "2572"]
[PlyCount "102"]
[EventDate "2018.01.23"]
[EventType "swiss"]
[EventRounds "10"]
[EventCountry "GGB"]
[SourceTitle "BritBase"]
[Source "www.saund.co.uk"]
[SourceDate "2018.02.10"]
[SourceVersion "1"]
[SourceVersionDate "2018.02.10"]
[SourceQuality "1"]

1. Nf3 Nf6 2. c4 e6 3. Nc3 c5 4. d4 cxd4 5. Nxd4 Bb4 6. Ndb5 d5 7. cxd5 Nxd5 8.
e4 Nxc3 9. Qxd8+ Kxd8 10. bxc3 Bc5 11. Bf4 Nc6 12. O-O-O+ Ke7 13. Nc7 Rb8 14.
Bb5 Bd7 15. Rd2 Rbc8 16. Rhd1 Rhd8 17. Bg5+ f6 18. Bf4 g5 19. Bg3 h5 20. Bxc6
Bxc6 21. Rxd8 Ba3+ 22. Kc2 Rxd8 23. Rxd8 Kxd8 24. Kb3 Be7 25. Nxe6+ Kd7 26. Nd4
Bxe4 27. f3 Bd3 28. Bf2 Bd6 29. g3 b5 30. Kb2 a6 31. Be3 h4 32. Bf2 h3 33. Bg1
Be7 34. Nb3 Kc6 35. a3 Kd5 36. Bf2 Bd6 37. Nd2 f5 38. Kb3 Be2 39. Kb2 Be5 40.
Kc2 Bd6 41. Kb2 Bc7 42. Kc2 a5 43. Bg1 Bd6 44. Kb2 Bd1 45. Bf2 Be5 46. Bg1 Ba4
47. Nb3 Bxb3 48. Kxb3 g4 49. f4 Bd6 50. a4 bxa4+ 51. Kxa4 Ke4 0-1

[Event "Tradewise Gibraltar Masters 16th"]
[Site "Gibraltar"]
[Date "2018.01.31"]
[Round "9.32"]
[White "Prasanna, Raghuram Rao"]
[Black "Muzychuk, Anna"]
[Result "1/2-1/2"]
[WhiteElo "2458"]
[BlackElo "2571"]
[PlyCount "62"]
[EventDate "2018.01.23"]
[EventType "swiss"]
[EventRounds "10"]
[EventCountry "GGB"]
[SourceTitle "BritBase"]
[Source "www.saund.co.uk"]
[SourceDate "2018.02.10"]
[SourceVersion "1"]
[SourceVersionDate "2018.02.10"]
[SourceQuality "1"]

1. d4 Nf6 2. c4 g6 3. Nc3 d5 4. Nf3 Bg7 5. cxd5 Nxd5 6. e4 Nxc3 7. bxc3 c5 8.
Bb5+ Nc6 9. d5 Qa5 10. Rb1 a6 11. Bxc6+ bxc6 12. O-O O-O 13. dxc6 Bg4 14. Bf4
Rac8 15. c7 e5 16. Be3 Rxc7 17. Qb3 Be6 18. c4 Rc6 19. Ng5 Bc8 20. Rfd1 h6 21.
Nf3 Be6 22. h3 Kh7 23. Qc2 Rd8 24. Rxd8 Qxd8 25. Nd2 Bf6 26. Nb3 Bg5 27. Rd1
Qe7 28. Qc3 Bxe3 29. Qxe3 Rc8 30. Qc3 Qc7 31. Rc1 Rd8 1/2-1/2

[Event "Tradewise Gibraltar Masters 16th"]
[Site "Gibraltar"]
[Date "2018.01.31"]
[Round "9.33"]
[White "Grinberg, Eyal"]
[Black "Kosteniuk, Alexandra"]
[Result "1/2-1/2"]
[WhiteElo "2448"]
[BlackElo "2561"]
[PlyCount "134"]
[EventDate "2018.01.23"]
[EventType "swiss"]
[EventRounds "10"]
[EventCountry "GGB"]
[SourceTitle "BritBase"]
[Source "www.saund.co.uk"]
[SourceDate "2018.02.10"]
[SourceVersion "1"]
[SourceVersionDate "2018.02.10"]
[SourceQuality "1"]

1. e4 e5 2. Nf3 Nf6 3. Nxe5 d6 4. Nf3 Nxe4 5. Nc3 Nxc3 6. dxc3 Be7 7. Be3 Nd7
8. Qd2 Nf6 9. O-O-O O-O 10. Bd3 c5 11. h3 Qa5 12. Kb1 b5 13. c4 Qxd2 14. Rxd2
bxc4 15. Bxc4 Ne4 16. Rdd1 Rb8 17. Kc1 Be6 18. Bd5 Bxd5 19. Rxd5 Rb7 20. Re1 f5
21. Nd2 Bf6 22. c3 Rfb8 23. Nxe4 fxe4 24. Re2 Bxc3 25. b3 Be5 26. Rc2 Kf7 27.
Rxe5 dxe5 28. Rxc5 Ke6 29. Rc6+ Kd5 30. Ra6 Rc8+ 31. Kb2 Rcc7 32. Kb1 Rf7 33.
Kb2 Rbc7 34. Kb1 g5 35. Ra5+ Kd6 36. Ra6+ Kd5 37. Ra5+ Kd6 38. Ra6+ Rc6 39.
Rxa7 Rxa7 40. Bxa7 Kc7 41. Be3 Rg6 42. Kc2 h5 43. Kd2 h4 44. Ke2 g4 45. hxg4
Rxg4 46. Kf1 Rg8 47. b4 Ra8 48. b5 Rxa2 49. Kg1 Ra1+ 50. Kh2 Rb1 51. b6+ Kc6
52. Kh3 Rh1+ 53. Kg4 Rh2 54. Kg5 Rxg2+ 55. Kxh4 Rg8 56. Kh5 Kd5 57. Kh4 Kc4 58.
Kh5 Kd5 59. Kh4 Ke6 60. Kh3 Kf5 61. Bc5 Ke6 62. Be3 Kd6 63. Kh4 Rg1 64. Kh3 Kc6
65. Kh4 Kd5 66. Kh3 Kc4 67. Kh4 Kd5 1/2-1/2

[Event "Tradewise Gibraltar Masters 16th"]
[Site "Gibraltar"]
[Date "2018.01.31"]
[Round "9.34"]
[White "Peralta, Fernando"]
[Black "Larino Nieto, David"]
[Result "1-0"]
[WhiteElo "2559"]
[BlackElo "2464"]
[PlyCount "103"]
[EventDate "2018.01.23"]
[EventType "swiss"]
[EventRounds "10"]
[EventCountry "GGB"]
[SourceTitle "BritBase"]
[Source "www.saund.co.uk"]
[SourceDate "2018.02.10"]
[SourceVersion "1"]
[SourceVersionDate "2018.02.10"]
[SourceQuality "1"]

1. d4 e6 2. c4 Bb4+ 3. Bd2 Bxd2+ 4. Qxd2 d6 5. Nc3 Nf6 6. g3 O-O 7. Bg2 Nbd7 8.
Nf3 e5 9. O-O exd4 10. Nxd4 Re8 11. Rad1 a5 12. b3 Nc5 13. Qc2 Bd7 14. a3 Qc8
15. Rfe1 Bh3 16. Bh1 Re5 17. Nd5 Nxd5 18. cxd5 Qd7 19. b4 axb4 20. axb4 Na6 21.
Qc3 Rae8 22. e4 f5 23. f4 R5e7 24. exf5 Qa4 25. Rb1 Rxe1+ 26. Rxe1 Rxe1+ 27.
Qxe1 h6 28. Bg2 Bg4 29. Bf3 Bxf3 30. Nxf3 Nxb4 31. Nh4 Nd3 32. Qe3 Nc5 33. Ng6
Qe4 34. Qa3 Qd4+ 35. Kf1 Kf7 36. Qa8 Qd3+ 37. Kg1 Qd1+ 38. Kf2 Qc2+ 39. Kg1
Qb1+ 40. Kg2 Qxf5 41. Nh8+ Ke7 42. Qg8 Qf6 43. f5 Qxf5 44. Qxg7+ Ke8 45. Qg8+
Qf8 46. Qg6+ Ke7 47. Qh7+ Kf6 48. Qg6+ Ke5 49. Nf7+ Kxd5 50. Qf5+ Kd4 51. Qf6+
Ke3 52. Qf2+ 1-0